Statystyki dla Nazwij każdy wojskowy statek powietrzny

Kliknij tutaj aby rozwiązać quiz!

Ogólne statystyki

  • Ten quiz został rozwiązany 11 razy
  • Średni wynik to 2 z 16

Statystyki odpowiedzi

Odpowiedź% Poprawnych
MiG 29
60%
P-51 Mustang
40%
Supermarine Spitfire
40%
Eurofighter Typhoon
20%
Mi-24
20%
Sukhoi Su-57
20%
Grumman F-14 Tomcat
10%
Lockheed Martin F-35 Lightning II
10%
McDonnell Douglas F/A-18 Hornet
10%
Alenia Aermacchi M-346
0%
Boeing AH-64 Apache
0%
Boeing C-17 Globemaster III
0%
Lockheed Martin F-16 Fighting Falcon
0%
Lockheed Martin F-22 Raptor
0%
McDonnell Douglas F-15 Eagle
0%
Sukhoi Su-35
0%

Rozkład punktacji

Percentyl według liczby udzielonych odpowiedzi

Procent ludzi z każdym wynikiem

Twoja historia wyników

Nie rozwiązałeś tego quizu